Catalogue of the Tozzer Library of the Peabody Museum of Archaeology and Ethnology, Harvard University : subjects : third supplement.

Bibliographic Details
Corporate Author: Tozzer Library
Format: Book
Language:English
Published: Boston : G.K. Hall, 1975.
Subjects:

MARC

Tag First Indicator Second Indicator Subfields
LEADER 00000cam a2200000 a 4500
001 in00000081836
005 20151008054153.0
008 760730s1975 xx 00000 eng d
035 |a (OCoLC)02344330 
035 |9 AAH9852AM 
040 |a IRU  |c IRU  |d m.c.  |d TXA  |d UtOrBLW 
049 |a [Bib Cntr] TXAM  |v 1 [387340]  |v 2 [387341]  |v 3 [387342]  |v 4 [387343] 
090 |a Z5119  |b .H36 Suppl. 3 
110 2 |a Tozzer Library. 
245 1 0 |a Catalogue of the Tozzer Library of the Peabody Museum of Archaeology and Ethnology, Harvard University : subjects :  |b third supplement. 
264 1 |a Boston :  |b G.K. Hall,  |c 1975. 
300 |a 4 volumes ;  |c 37 cm. 
336 |a text  |b txt  |2 rdacontent 
337 |a unmediated  |b n  |2 rdamedia 
338 |a volume  |b nc  |2 rdacarrier 
500 |a Entries represent library acquisitions from the second half of 1971, through the first half of 1975, including the collections of Dr W.R. Bullard, Jr., Prof. J. Pasternak, and unprocessed materials of S.K. Lothrop, P.A. Means and G.G. MacCurdy. 
505 0 0 |a v. 1.  |t A to C -- v. 2.  |t D to M -- v. 3.  |t N to Sol -- v. 4.  |t Som to Z. 
650 0 |a Anthropology  |v Bibliography  |x Catalogs. 
999 |a MARS 
999 f f |s 23cc6545-5662-3ed6-96d4-be49027e2b9b  |i 3c6cd3be-2f3f-3e5d-9ed2-ce4a6f45b0e3  |t 0 
952 f f |p ric  |a Texas A&M University  |b Rellis Campus  |c Joint Library Facility  |d Remote Storage  |t 0  |e Z5119 .H36 Suppl.3  |f Oversize  |h Library of Congress classification  |i unmediated -- volume  |k v.4  |m A14806268409 
952 f f |p ric  |a Texas A&M University  |b Rellis Campus  |c Joint Library Facility  |d Remote Storage  |t 0  |e Z5119 .H36 Suppl.3  |f Oversize  |h Library of Congress classification  |i unmediated -- volume  |k v.1  |m A14806268378 
952 f f |p ric  |a Texas A&M University  |b Rellis Campus  |c Joint Library Facility  |d Remote Storage  |t 0  |e Z5119 .H36 Suppl.3  |f Oversize  |h Library of Congress classification  |i unmediated -- volume  |k v.3  |m A14806268394 
952 f f |p ric  |a Texas A&M University  |b Rellis Campus  |c Joint Library Facility  |d Remote Storage  |t 0  |e Z5119 .H36 Suppl.3  |f Oversize  |h Library of Congress classification  |i unmediated -- volume  |k v.2  |m A14806268386 
998 f f |a Z5119 .H36 Suppl.3  |s v.1-4  |t 0  |l Remote Storage